[Event "EUYCC 2025 - U14"]
[Site "?"]
[Date "2025.08.26"]
[Round "8.5"]
[White "Bundan, Edward"]
[Black "Plechacek, Matej"]
[Result "1-0"]
[BlackElo "1741"]
[WhiteElo "1976"]
[LiveChessVersion "1.4.8"]

1. d4 {[%clk 1:30:55]} f5 {[%clk 1:30:54]} 2. Nf3 {[%clk 1:31:08]} Nf6
{[%clk 1:31:12]} 3. g3 {[%clk 1:31:19]} b6 {[%clk 1:31:05]} 4. Bg2
{[%clk 1:31:32]} Bb7 {[%clk 1:31:29]} 5. O-O {[%clk 1:31:36]} e6 {[%clk 1:31:55]}
6. c4 {[%clk 1:31:40]} d6 {[%clk 1:32:14]} 7. Nc3 {[%clk 1:31:32]} Nbd7
{[%clk 1:32:22]} 8. d5 {[%clk 1:22:36]} e5 {[%clk 1:27:14]} 9. Ng5
{[%clk 1:22:00]} a5 {[%clk 1:26:49]} 10. Ne6 {[%clk 1:21:01]} Qb8
{[%clk 1:26:58]} 11. Nb5 {[%clk 1:21:02]} Kf7 {[%clk 1:24:10]} 12. Nexc7
{[%clk 1:20:33]} Ba6 {[%clk 1:23:09]} 13. Nxa8 {[%clk 1:20:19]} Bxb5
{[%clk 1:22:48]} 14. cxb5 {[%clk 1:20:19]} Qxa8 {[%clk 1:23:12]} 15. Bg5
{[%clk 1:19:05]} g6 {[%clk 1:23:06]} 16. Bxf6 {[%clk 1:19:22]} Nxf6
{[%clk 1:23:29]} 17. Rc1 {[%clk 1:19:38]} Be7 {[%clk 1:23:00]} 18. Rc6
{[%clk 1:19:36]} Rb8 {[%clk 1:23:20]} 19. e4 {[%clk 1:18:32]} a4 {[%clk 1:23:08]}
20. exf5 {[%clk 1:18:35]} gxf5 {[%clk 1:23:30]} 21. Rc4 {[%clk 1:18:05]} 1-0

[Event "EUYCC 2025 - U14"]
[Site "?"]
[Date "2025.08.26"]
[Round "8.6"]
[White "Debowska, Olga"]
[Black "Hujova, Tess"]
[Result "0-1"]
[BlackElo "1709"]
[WhiteElo "1783"]
[LiveChessVersion "1.4.8"]

1. d4 {[%clk 1:30:58]} f5 {[%clk 1:30:52]} 2. g4 {[%clk 1:31:24]} fxg4
{[%clk 1:31:14]} 3. h3 {[%clk 1:31:48]} d5 {[%clk 1:30:38]} 4. hxg4
{[%clk 1:32:10]} Bxg4 {[%clk 1:25:29]} 5. Nc3 {[%clk 1:32:23]} Qd7
{[%clk 1:23:24]} 6. f3 {[%clk 1:32:36]} Be6 {[%clk 1:22:26]} 7. e4
{[%clk 1:32:24]} Nc6 {[%clk 1:21:19]} 8. e5 {[%clk 1:31:35]} O-O-O
{[%clk 1:20:09]} 9. Be3 {[%clk 1:31:28]} Bf5 {[%clk 1:15:00]} 10. a3
{[%clk 1:26:50]} e6 {[%clk 1:11:07]} 11. Qd2 {[%clk 1:23:13]} h5 {[%clk 1:06:00]}
12. O-O-O {[%clk 1:22:53]} g6 {[%clk 1:03:58]} 13. Nh3 {[%clk 1:20:59]} Bh6
{[%clk 0:59:55]} 14. f4 {[%clk 1:19:25]} Bxh3 {[%clk 0:56:47]} 15. Bxh3
{[%clk 1:19:36]} Qf7 {[%clk 0:56:19]} 16. Rdg1 {[%clk 1:18:46]} Nge7
{[%clk 0:55:38]} 17. Ne2 {[%clk 1:18:07]} Nf5 {[%clk 0:54:59]} 18. Bf2
{[%clk 1:10:28]} Kb8 {[%clk 0:50:55]} 19. Kd1 {[%clk 1:08:30]} Rhf8
{[%clk 0:45:05]} 20. Rf1 {[%clk 0:54:23]} b6 {[%clk 0:39:20]} 21. b4
{[%clk 0:52:15]} Qd7 {[%clk 0:38:28]} 22. Rhg1 {[%clk 0:52:06]} Nce7
{[%clk 0:38:15]} 23. Qd3 {[%clk 0:50:14]} Rg8 {[%clk 0:36:53]} 24. Kc1
{[%clk 0:47:52]} g5 {[%clk 0:35:50]} 25. fxg5 {[%clk 0:48:14]} Bxg5+
{[%clk 0:36:10]} 26. Kb2 {[%clk 0:48:32]} Rdf8 {[%clk 0:34:16]} 27. c3
{[%clk 0:46:09]} Bh6 {[%clk 0:29:15]} 28. Rxg8 {[%clk 0:39:26]} Rxg8
{[%clk 0:29:37]} 29. Qf3 {[%clk 0:39:09]} Qe8 {[%clk 0:27:57]} 30. Rh1
{[%clk 0:37:34]} Ng7 {[%clk 0:22:05]} 31. Bg3 {[%clk 0:28:12]} Rf8
{[%clk 0:19:34]} 32. Qd3 {[%clk 0:24:27]} Nef5 {[%clk 0:18:16]} 33. Bf4
{[%clk 0:21:55]} h4 {[%clk 0:15:18]} 34. Bxh6 {[%clk 0:20:44]} Nxh6
{[%clk 0:15:38]} 35. Rg1 {[%clk 0:19:45]} Ngf5 {[%clk 0:14:26]} 36. Nf4 Rg8
{[%clk 0:12:10]} 37. Rxg8 {[%clk 0:12:14]} Qxg8 {[%clk 0:12:09]} 38. Kb3
{[%clk 0:10:36]} c6 {[%clk 0:09:04]} 39. a4 {[%clk 0:10:28]} Kb7 {[%clk 0:09:25]}
40. Qf3 {[%clk 0:09:38]} b5 {[%clk 0:07:55]} 41. a5 {[%clk 0:08:54]} Kc7
{[%clk 0:08:11]} 42. Nh5 {[%clk 0:06:03]} Kd8 {[%clk 0:07:15]} 43. Nf4
{[%clk 0:04:42]} Ke7 {[%clk 0:06:42]} 44. Kb2 {[%clk 0:04:03]} Qg3
{[%clk 0:05:29]} 45. Qxg3 {[%clk 0:03:42]} hxg3 {[%clk 0:05:48]} 46. Ng2
{[%clk 0:02:53]} Nf7 {[%clk 0:04:43]} 47. Bg4 {[%clk 0:02:56]} Ng5
{[%clk 0:05:02]} 48. Kc2 {[%clk 0:02:55]} Kf7 {[%clk 0:04:50]} 49. Bh5+
{[%clk 0:02:23]} Kg7 {[%clk 0:05:11]} 50. Kd3 {[%clk 0:01:59]} Kh6
{[%clk 0:05:12]} 51. Be2 {[%clk 0:01:40]} Ne4 {[%clk 0:04:59]} 52. Bf3
{[%clk 0:01:18]} Nf2+ {[%clk 0:05:19]} 53. Ke2 {[%clk 0:01:12]} Kg5
{[%clk 0:05:25]} 54. Ne1 {[%clk 0:00:47]} Nh4 {[%clk 0:04:56]} 55. Bg2
{[%clk 0:00:46]} Kg4 {[%clk 0:04:45]} 56. Bf1 {[%clk 0:00:40]} Ne4
{[%clk 0:04:19]} 57. Kd3 {[%clk 0:00:42]} a6 {[%clk 0:04:09]} 58. Kc2
{[%clk 0:00:41]} Kf4 {[%clk 0:03:27]} 59. Kd3 {[%clk 0:00:49]} Nf2+
{[%clk 0:03:22]} 60. Ke2 {[%clk 0:00:57]} Kg4 {[%clk 0:03:16]} 61. Ke3
{[%clk 0:00:47]} Nh3 {[%clk 0:02:23]} 62. Be2+ {[%clk 0:00:48]} Kg5
{[%clk 0:02:41]} 63. Bf1 {[%clk 0:00:39]} Nf4 {[%clk 0:01:50]} 64. Kd2
{[%clk 0:00:36]} g2 {[%clk 0:02:02]} 65. Bxg2 {[%clk 0:00:58]} Nhxg2
{[%clk 0:02:18]} 66. Nc2 {[%clk 0:01:08]} Kg4 {[%clk 0:02:30]} 67. Na3
{[%clk 0:01:26]} Nh4 {[%clk 0:02:46]} 68. Nc2 {[%clk 0:01:37]} Kf3
{[%clk 0:02:32]} 69. Ne3 {[%clk 0:01:45]} Nhg2 {[%clk 0:02:45]} 70. Nd1
{[%clk 0:01:46]} Nh3 {[%clk 0:02:21]} 71. Nb2 {[%clk 0:01:41]} Nf2
{[%clk 0:02:43]} 72. Kc1 {[%clk 0:01:11]} Ke2 {[%clk 0:02:54]} 73. Kc2
{[%clk 0:01:37]} Ne3+ {[%clk 0:03:01]} 74. Kb3 {[%clk 0:01:40]} Nd3
{[%clk 0:03:01]} 75. c4 {[%clk 0:01:43]} dxc4+ {[%clk 0:03:08]} 76. Ka3
{[%clk 0:02:01]} Nxb2 {[%clk 0:03:26]} 77. d5 {[%clk 0:02:18]} cxd5
{[%clk 0:03:24]} 78. Ka2 {[%clk 0:02:39]} c3 {[%clk 0:03:33]} 79. Kb3
{[%clk 0:02:52]} c2 {[%clk 0:03:25]} 80. Kxb2 {[%clk 0:03:13]} Kd2
{[%clk 0:03:09]} 81. Kb3 {[%clk 0:03:34]} Nf5 {[%clk 0:03:23]} 82. Ka2
{[%clk 0:03:58]} c1=Q {[%clk 0:03:42]} 83. Kb3 {[%clk 0:04:23]} Qc3+
{[%clk 0:04:01]} 84. Ka2 {[%clk 0:04:48]} Qxb4 {[%clk 0:04:20]} 85. Ka1
{[%clk 0:05:12]} Kc2 {[%clk 0:04:46]} 86. Ka2 {[%clk 0:05:36]} Qa4#
{[%clk 0:05:06]} 0-1

[Event "EUYCC 2025 - U14"]
[Site "?"]
[Date "2025.08.26"]
[Round "8.7"]
[White "Rzadkowska, Kaja"]
[Black "Mojzisova, Barbora"]
[Result "1-0"]
[BlackElo "1740"]
[WhiteElo "1878"]
[LiveChessVersion "1.4.8"]

1. d4 {[%clk 1:30:55]} Nf6 {[%clk 1:30:51]} 2. c4 {[%clk 1:31:20]} e6
{[%clk 1:31:14]} 3. Nc3 {[%clk 1:31:35]} d5 {[%clk 1:31:21]} 4. cxd5
{[%clk 1:31:56]} exd5 {[%clk 1:31:38]} 5. Bg5 {[%clk 1:32:18]} c6
{[%clk 1:31:41]} 6. e3 {[%clk 1:32:37]} Bd6 {[%clk 1:31:44]} 7. Bd3
{[%clk 1:32:41]} Nbd7 {[%clk 1:31:18]} 8. Nge2 {[%clk 1:32:30]} O-O
{[%clk 1:31:10]} 9. Qc2 {[%clk 1:31:24]} Qc7 {[%clk 1:30:06]} 10. h3
{[%clk 1:30:39]} Re8 {[%clk 1:27:32]} 11. O-O {[%clk 1:29:53]} h6
{[%clk 1:26:55]} 12. Bh4 {[%clk 1:29:01]} Be7 {[%clk 1:23:53]} 13. Rae1
{[%clk 1:26:27]} Nf8 {[%clk 1:21:28]} 14. Bxf6 {[%clk 1:23:59]} Bxf6
{[%clk 1:19:27]} 15. Nxd5 {[%clk 1:24:07]} Qd6 {[%clk 1:18:40]} 16. Nxf6+
{[%clk 1:24:29]} Qxf6 {[%clk 1:19:01]} 17. Ng3 {[%clk 1:21:39]} Be6
{[%clk 1:15:48]} 18. f4 {[%clk 1:16:30]} Re7 {[%clk 1:10:25]} 19. f5
{[%clk 1:10:00]} Bd7 {[%clk 1:09:29]} 20. Rf4 {[%clk 0:57:04]} Qd6
{[%clk 1:07:33]} 21. Ne4 {[%clk 0:55:50]} Qc7 {[%clk 1:06:28]} 22. f6
{[%clk 0:51:13]} Re6 {[%clk 1:03:57]} 23. Bc4 {[%clk 0:47:54]} g5
{[%clk 0:59:19]} 24. Rff1 {[%clk 0:40:41]} Ree8 {[%clk 0:58:49]} 25. Bd3
{[%clk 0:39:43]} Be6 {[%clk 0:55:00]} 26. Qe2 {[%clk 0:38:15]} g4
{[%clk 0:49:44]} 27. hxg4 {[%clk 0:34:48]} Qd7 {[%clk 0:49:00]} 28. g5
{[%clk 0:30:45]} Bg4 {[%clk 0:47:11]} 29. Qf2 {[%clk 0:30:07]} h5
{[%clk 0:46:45]} 30. g6 {[%clk 0:27:11]} Ne6 {[%clk 0:42:53]} 31. Bc4
{[%clk 0:23:12]} Rf8 {[%clk 0:40:01]} 32. Bxe6 {[%clk 0:20:09]} Qxe6
{[%clk 0:39:23]} 33. Ng5 {[%clk 0:17:30]} Qxa2 {[%clk 0:35:20]} 34. g7
{[%clk 0:16:15]} Rfe8 {[%clk 0:34:28]} 35. Qc2 {[%clk 0:16:23]} 1-0

[Event "EUYCC 2025 - U14"]
[Site "?"]
[Date "2025.08.26"]
[Round "8.8"]
[White "Janouskova, Eliska"]
[Black "Bolla, Zsofia"]
[Result "0-1"]
[BlackElo "1772"]
[WhiteElo "1748"]
[LiveChessVersion "1.4.8"]

1. e4 {[%clk 1:30:57]} c5 {[%clk 1:30:52]} 2. c3 {[%clk 1:31:13]} Nf6
{[%clk 1:31:12]} 3. e5 {[%clk 1:31:39]} Nd5 {[%clk 1:31:34]} 4. d4
{[%clk 1:31:54]} cxd4 {[%clk 1:31:47]} 5. cxd4 {[%clk 1:32:02]} Nc6
{[%clk 1:31:25]} 6. Nf3 {[%clk 1:32:21]} d6 {[%clk 1:31:38]} 7. Bc4
{[%clk 1:31:57]} Nb6 {[%clk 1:31:48]} 8. Bb5 {[%clk 1:30:58]} dxe5
{[%clk 1:31:49]} 9. Nxe5 {[%clk 1:30:16]} Bd7 {[%clk 1:31:15]} 10. Nxd7
{[%clk 1:28:05]} Qxd7 {[%clk 1:31:31]} 11. O-O {[%clk 1:25:28]} e6
{[%clk 1:28:07]} 12. Nc3 {[%clk 1:20:40]} Be7 {[%clk 1:26:24]} 13. Be3
{[%clk 1:15:17]} O-O {[%clk 1:25:57]} 14. Rc1 {[%clk 1:12:37]} Rac8
{[%clk 1:26:15]} 15. Qd2 {[%clk 1:00:01]} a6 {[%clk 1:22:34]} 16. Bxc6
{[%clk 0:56:07]} Rxc6 {[%clk 1:22:48]} 17. Rfd1 {[%clk 0:51:17]} Rd8
{[%clk 1:14:26]} 18. Qe2 {[%clk 0:42:39]} Nd5 {[%clk 0:58:52]} 19. Rc2
{[%clk 0:36:57]} Rdc8 {[%clk 0:57:41]} 20. Qe1 {[%clk 0:29:39]} b5
{[%clk 0:37:55]} 21. Rcc1 {[%clk 0:27:57]} Bb4 {[%clk 0:37:22]} 22. Bd2
{[%clk 0:26:45]} Bxc3 {[%clk 0:36:29]} 23. Bxc3 {[%clk 0:25:56]} Nxc3
{[%clk 0:34:42]} 24. Rxc3 {[%clk 0:25:36]} Rxc3 {[%clk 0:34:56]} 25. bxc3
{[%clk 0:25:41]} Qd5 {[%clk 0:35:06]} 26. Qd2 {[%clk 0:15:58]} Qc4
{[%clk 0:35:03]} 27. d5 {[%clk 0:15:34]} exd5 {[%clk 0:30:48]} 28. Qxd5
{[%clk 0:15:46]} Qxd5 {[%clk 0:31:14]} 29. Rxd5 {[%clk 0:16:11]} Kf8
{[%clk 0:31:38]} 30. g3 {[%clk 0:09:59]} Rxc3 {[%clk 0:31:51]} 31. Rd2
{[%clk 0:08:49]} Ke7 {[%clk 0:31:04]} 32. Kg2 {[%clk 0:08:27]} b4
{[%clk 0:26:00]} 33. Rd4 {[%clk 0:03:46]} a5 {[%clk 0:26:08]} 34. Rd2
{[%clk 0:03:00]} Ra3 {[%clk 0:26:31]} 35. h4 {[%clk 0:02:31]} a4 {[%clk 0:24:26]}
36. Rd4 {[%clk 0:02:17]} b3 {[%clk 0:22:51]} 37. axb3 {[%clk 0:02:44]} axb3
{[%clk 0:23:16]} 38. Rb4 {[%clk 0:02:50]} Kd6 {[%clk 0:23:37]} 39. Rb7
{[%clk 0:02:39]} Kc6 {[%clk 0:23:33]} 40. Rb8 {[%clk 0:02:44]} Kc5
{[%clk 0:23:40]} 41. Rb7 {[%clk 0:01:43]} Kc4 {[%clk 0:23:49]} 42. Rxf7
{[%clk 0:01:12]} b2 {[%clk 0:23:48]} 43. Rb7 {[%clk 0:01:11]} Rb3
{[%clk 0:24:03]} 44. Rc7+ {[%clk 0:01:27]} Kd5 {[%clk 0:24:19]} 45. Rd7+
{[%clk 0:00:58]} Kc6 {[%clk 0:24:40]} 0-1

[Event "EUYCC 2025 - U14"]
[Site "?"]
[Date "2025.08.26"]
[Round "8.9"]
[White "Polackova, Eva"]
[Black "Kubalova, Nikol"]
[Result "0-1"]
[BlackElo "1453"]
[WhiteElo "1640"]
[LiveChessVersion "1.4.8"]

1. e4 {[%clk 1:30:56]} e6 {[%clk 1:30:40]} 2. d4 {[%clk 1:30:43]} b6
{[%clk 1:30:45]} 3. Nf3 {[%clk 1:30:00]} Bb7 {[%clk 1:30:29]} 4. Bd3
{[%clk 1:28:49]} Nc6 {[%clk 1:29:17]} 5. c3 {[%clk 1:24:58]} d6 {[%clk 1:28:21]}
6. Be3 {[%clk 1:22:10]} e5 {[%clk 1:22:58]} 7. Nbd2 {[%clk 1:11:36]} Nf6
{[%clk 1:22:13]} 8. Qc2 {[%clk 1:07:03]} g6 {[%clk 1:14:03]} 9. O-O
{[%clk 1:00:56]} Bg7 {[%clk 1:12:09]} 10. Rfe1 {[%clk 0:59:54]} Ng4
{[%clk 1:10:48]} 11. Bg5 {[%clk 0:55:51]} f6 {[%clk 1:05:28]} 12. Be3
{[%clk 0:50:11]} Qd7 {[%clk 0:59:49]} 13. b4 {[%clk 0:41:26]} a6 {[%clk 0:55:46]}
14. a4 {[%clk 0:39:06]} Ne7 {[%clk 0:52:06]} 15. c4 {[%clk 0:34:59]} f5
{[%clk 0:47:05]} 16. Bg5 {[%clk 0:32:16]} f4 {[%clk 0:42:15]} 17. Bxe7
{[%clk 0:31:58]} Qxe7 {[%clk 0:41:10]} 18. d5 {[%clk 0:30:49]} h5
{[%clk 0:38:53]} 19. h3 {[%clk 0:27:13]} Nh6 {[%clk 0:37:21]} 20. h4
{[%clk 0:26:56]} Bf6 {[%clk 0:36:58]} 21. g3 {[%clk 0:25:14]} g5 {[%clk 0:36:17]}
22. hxg5 {[%clk 0:21:44]} Bxg5 {[%clk 0:36:33]} 23. Nxg5 {[%clk 0:22:11]} Qxg5
{[%clk 0:36:28]} 24. Nf3 {[%clk 0:21:46]} Qg7 {[%clk 0:35:11]} 25. Kh2
{[%clk 0:19:29]} Rg8 {[%clk 0:32:59]} 26. Rg1 {[%clk 0:18:54]} Ng4+
{[%clk 0:30:11]} 27. Kg2 {[%clk 0:18:50]} fxg3 {[%clk 0:28:21]} 0-1

[Event "EUYCC 2025 - U14"]
[Site "?"]
[Date "2025.08.26"]
[Round "8.10"]
[White "Amvrosiadis, Themistoklis"]
[Black "Kostov, Rubin"]
[Result "1-0"]
[BlackElo "1621"]
[WhiteElo "1625"]
[LiveChessVersion "1.4.8"]

1. Nf3 {[%clk 1:30:57]} Nf6 {[%clk 1:30:43]} 2. c4 {[%clk 1:31:22]} e6
{[%clk 1:30:23]} 3. d4 {[%clk 1:31:41]} b6 {[%clk 1:30:42]} 4. g3
{[%clk 1:30:40]} Bb7 {[%clk 1:31:00]} 5. Bg2 {[%clk 1:31:01]} Be7
{[%clk 1:31:19]} 6. Nc3 {[%clk 1:30:17]} O-O {[%clk 1:30:54]} 7. O-O
{[%clk 1:28:42]} Qc8 {[%clk 1:27:22]} 8. Re1 {[%clk 1:20:42]} d5 {[%clk 1:26:19]}
9. cxd5 {[%clk 1:05:01]} Nxd5 {[%clk 1:26:38]} 10. e4 {[%clk 1:04:08]} Nxc3
{[%clk 1:22:36]} 11. bxc3 {[%clk 1:03:42]} Rd8 {[%clk 1:21:37]} 12. Bb2
{[%clk 0:54:24]} Nd7 {[%clk 1:19:51]} 13. Rc1 {[%clk 0:51:08]} Nf6
{[%clk 1:19:37]} 14. Ne5 {[%clk 0:48:25]} c5 {[%clk 1:08:57]} 15. g4
{[%clk 0:40:30]} Nd7 {[%clk 1:04:33]} 16. Nd3 {[%clk 0:32:38]} h6
{[%clk 1:03:51]} 17. f4 {[%clk 0:29:52]} c4 {[%clk 0:56:43]} 18. Ne5
{[%clk 0:26:19]} Nxe5 {[%clk 0:56:42]} 19. fxe5 {[%clk 0:26:43]} Bg5
{[%clk 0:57:00]} 20. Rc2 {[%clk 0:25:40]} Bc6 {[%clk 0:55:54]} 21. Qf3
{[%clk 0:23:46]} Qb7 {[%clk 0:53:01]} 22. Bc1 {[%clk 0:20:35]} Qe7
{[%clk 0:40:24]} 23. Bxg5 {[%clk 0:19:23]} Qxg5 {[%clk 0:40:45]} 24. Rf2
{[%clk 0:19:05]} Rd7 {[%clk 0:40:31]} 25. Qe2 {[%clk 0:18:08]} b5
{[%clk 0:39:30]} 26. Rd1 {[%clk 0:12:55]} Rad8 {[%clk 0:38:59]} 27. h3
{[%clk 0:12:13]} Qe7 {[%clk 0:37:10]} 28. Qb2 {[%clk 0:11:00]} a6
{[%clk 0:35:55]} 29. Rdf1 {[%clk 0:08:56]} Qg5 {[%clk 0:34:56]} 30. Rf4
{[%clk 0:07:57]} h5 {[%clk 0:32:56]} 31. Qf2 {[%clk 0:06:46]} Qg6
{[%clk 0:27:57]} 32. gxh5 {[%clk 0:06:20]} Qxh5 {[%clk 0:27:23]} 33. Rg4
{[%clk 0:04:23]} b4 {[%clk 0:17:32]} 34. Qg3 {[%clk 0:02:12]} Qh6
{[%clk 0:16:15]} 35. cxb4 {[%clk 0:00:32]} Rxd4 {[%clk 0:16:35]} 36. Rf6
{[%clk 0:00:31]} Qc1+ {[%clk 0:02:25]} 37. Kh2 {[%clk 0:00:48]} Kf8
{[%clk 0:02:34]} 38. Rxg7 {[%clk 0:00:35]} Be8 {[%clk 0:02:52]} 39. Rg8+
{[%clk 0:00:32]} Ke7 {[%clk 0:03:17]} 40. Qg7 {[%clk 0:00:31]} Kd7
{[%clk 0:02:08]} 41. Qh8 {[%clk 0:00:31]} Kc7 {[%clk 0:00:56]} 42. Rxe8
{[%clk 0:00:43]} Rxe8 {[%clk 0:01:04]} 43. Qxe8 {[%clk 0:01:03]} Rd7
{[%clk 0:01:17]} 44. Rxf7 {[%clk 0:00:54]} Qd2 {[%clk 0:01:40]} 45. Rxd7+
{[%clk 0:00:48]} Qxd7 {[%clk 0:01:31]} 46. Qxd7+ {[%clk 0:00:56]} Kxd7
{[%clk 0:01:55]} 47. Bf1 {[%clk 0:01:00]} c3 {[%clk 0:02:16]} 48. Bd3
{[%clk 0:01:26]} Ke7 {[%clk 0:01:36]} 49. Kg3 {[%clk 0:01:40]} Kf7
{[%clk 0:01:57]} 50. Kf3 {[%clk 0:01:55]} Kg6 {[%clk 0:02:19]} 51. Ke3
{[%clk 0:02:20]} Kh5 {[%clk 0:02:35]} 52. Kd4 {[%clk 0:02:43]} Kh4
{[%clk 0:02:53]} 53. Kxc3 {[%clk 0:03:08]} Kxh3 {[%clk 0:03:07]} 54. Bxa6
{[%clk 0:03:35]} 1-0

[Event "EUYCC 2025 - U14"]
[Site "?"]
[Date "2025.08.26"]
[Round "8.11"]
[White "Chmelikova, Julia"]
[Black "Stricova, Julia Nela"]
[Result "0-1"]
[BlackElo "1675"]
[WhiteElo "1590"]
[LiveChessVersion "1.4.8"]

1. b3 {[%clk 1:30:48]} d5 {[%clk 1:29:38]} 2. Bb2 {[%clk 1:30:41]} c5
{[%clk 1:29:46]} 3. e3 {[%clk 1:29:48]} Nc6 {[%clk 1:29:30]} 4. Bb5
{[%clk 1:28:37]} e6 {[%clk 1:29:07]} 5. Nf3 {[%clk 1:26:17]} a6 {[%clk 1:25:11]}
6. Bxc6+ {[%clk 1:24:14]} bxc6 {[%clk 1:25:20]} 7. d3 {[%clk 1:22:00]} f6
{[%clk 1:21:42]} 8. Nbd2 {[%clk 1:17:51]} e5 {[%clk 1:18:52]} 9. e4
{[%clk 1:12:24]} Bd6 {[%clk 1:07:34]} 10. O-O {[%clk 1:06:51]} Ne7
{[%clk 1:06:46]} 11. c3 {[%clk 0:59:52]} O-O {[%clk 1:03:16]} 12. Ba3
{[%clk 0:53:26]} Ng6 {[%clk 0:53:02]} 13. Qc2 {[%clk 0:45:05]} f5
{[%clk 0:46:39]} 14. Rae1 {[%clk 0:36:24]} fxe4 {[%clk 0:40:51]} 15. dxe4
{[%clk 0:33:43]} Bb7 {[%clk 0:38:44]} 16. c4 {[%clk 0:30:14]} d4 {[%clk 0:37:05]}
17. Rb1 {[%clk 0:27:06]} a5 {[%clk 0:34:27]} 18. Ne1 {[%clk 0:24:29]} Nf4
{[%clk 0:33:17]} 19. Ndf3 {[%clk 0:23:42]} Qf6 {[%clk 0:31:59]} 20. Nd3
{[%clk 0:22:13]} Nxg2 {[%clk 0:27:15]} 21. Kxg2 {[%clk 0:20:15]} Qxf3+
{[%clk 0:27:34]} 22. Kg1 {[%clk 0:20:25]} Rf6 {[%clk 0:23:00]} 0-1

[Event "EUYCC 2025 - U14"]
[Site "?"]
[Date "2025.08.26"]
[Round "8.13"]
[White "Jenikova, Sabina"]
[Black "Voronova, Anastassia"]
[Result "1-0"]
[BlackElo "1502"]
[WhiteElo "1491"]
[LiveChessVersion "1.4.8"]

1. d4 {[%clk 1:30:57]} d5 {[%clk 1:30:55]} 2. Bf4 {[%clk 1:31:15]} Nf6
{[%clk 1:31:18]} 3. Nf3 {[%clk 1:31:34]} e6 {[%clk 1:31:34]} 4. e3
{[%clk 1:31:53]} Bd6 {[%clk 1:31:56]} 5. Bg3 {[%clk 1:32:12]} O-O
{[%clk 1:31:52]} 6. Bd3 {[%clk 1:32:22]} Bxg3 {[%clk 1:31:44]} 7. hxg3
{[%clk 1:32:16]} h6 {[%clk 1:31:42]} 8. c3 {[%clk 1:32:02]} Nbd7 {[%clk 1:31:49]}
9. Nbd2 {[%clk 1:32:19]} c5 {[%clk 1:32:11]} 10. b3 {[%clk 1:32:29]} b6 11. Qc2
{[%clk 1:31:50]} Re8 {[%clk 1:28:03]} 12. O-O-O {[%clk 1:15:54]} e5
{[%clk 1:25:30]} 13. e4 {[%clk 1:14:54]} cxd4 {[%clk 1:21:06]} 14. cxd4
{[%clk 1:10:09]} Bb7 {[%clk 1:19:50]} 15. Kb2 {[%clk 1:09:55]} Rc8
{[%clk 1:18:03]} 16. Qb1 {[%clk 1:10:12]} Qe7 {[%clk 1:13:55]} 17. dxe5
{[%clk 0:54:30]} Nxe5 {[%clk 1:10:02]} 18. exd5 {[%clk 0:53:46]} Nxd3+
{[%clk 1:03:44]} 19. Qxd3 {[%clk 0:54:04]} Nxd5 {[%clk 1:01:25]} 20. Nc4
{[%clk 0:50:04]} b5 {[%clk 0:54:52]} 21. Nce5 {[%clk 0:47:02]} Qb4
{[%clk 0:38:57]} 22. Rc1 {[%clk 0:44:54]} Qa5 {[%clk 0:32:58]} 23. Qf5
{[%clk 0:40:04]} b4 {[%clk 0:18:29]} 24. Qxf7+ {[%clk 0:38:33]} Kh8
{[%clk 0:16:58]} 25. Rxh6+ {[%clk 0:38:18]} gxh6 {[%clk 0:16:48]} 26. Ng6# 1-0

[Event "EUYCC 2025 - U14"]
[Site "?"]
[Date "2025.08.27"]
[Round "9.1"]
[White "Hujova, Tess"]
[Black "Diachek, Andrii"]
[Result "1/2-1/2"]
[BlackElo "2223"]
[WhiteElo "1709"]
[LiveChessVersion "1.4.8"]

1. f4 {[%clk 1:30:57]} d5 {[%clk 1:30:46]} 2. Nf3 {[%clk 1:31:17]} g6
{[%clk 1:30:58]} 3. e3 {[%clk 1:31:36]} Bg7 {[%clk 1:31:19]} 4. c4
{[%clk 1:31:53]} e6 {[%clk 1:31:37]} 5. cxd5 {[%clk 1:31:57]} exd5
{[%clk 1:31:50]} 6. d4 {[%clk 1:31:57]} Ne7 {[%clk 1:29:30]} 7. Bd3
{[%clk 1:30:24]} O-O {[%clk 1:29:00]} 8. O-O {[%clk 1:29:54]} c6 {[%clk 1:26:22]}
9. Nc3 {[%clk 1:27:35]} Bf5 {[%clk 1:25:22]} 10. Nh4 {[%clk 1:23:16]} Bxd3
{[%clk 1:24:32]} 11. Qxd3 {[%clk 1:23:36]} Nd7 {[%clk 1:23:26]} 12. f5
{[%clk 1:16:37]} Nc8 {[%clk 1:17:01]} 13. Nf3 {[%clk 1:16:40]} Nd6
{[%clk 1:16:12]} 14. fxg6 {[%clk 1:15:33]} hxg6 {[%clk 1:15:29]} 15. e4
{[%clk 1:10:38]} dxe4 {[%clk 1:13:14]} 16. Nxe4 {[%clk 1:11:00]} Nxe4
{[%clk 1:06:56]} 17. Qxe4 {[%clk 1:11:21]} Re8 {[%clk 1:04:56]} 18. Qg4
{[%clk 1:06:39]} Nf8 {[%clk 0:59:50]} 19. Bg5 {[%clk 1:00:09]} Qd5
{[%clk 0:56:59]} 20. Ne5 {[%clk 0:39:31]} f5 {[%clk 0:44:48]} 21. Qh4
{[%clk 0:36:30]} c5 {[%clk 0:44:21]} 22. Nf3 {[%clk 0:35:22]} cxd4
{[%clk 0:40:41]} 23. b3 {[%clk 0:32:26]} Re4 {[%clk 0:37:46]} 24. Qf2
{[%clk 0:31:06]} Rae8 {[%clk 0:33:53]} 25. Rae1 {[%clk 0:29:25]} Ne6
{[%clk 0:28:27]} 26. Bd2 {[%clk 0:26:32]} Qd6 {[%clk 0:25:50]} 27. Kh1
{[%clk 0:23:50]} Nc5 {[%clk 0:20:47]} 28. Rxe4 {[%clk 0:23:07]} fxe4
{[%clk 0:16:24]} 29. Ng5 {[%clk 0:22:39]} Rf8 {[%clk 0:16:22]} 30. Qe2
{[%clk 0:22:56]} d3 {[%clk 0:16:08]} 31. Rxf8+ {[%clk 0:22:49]} Qxf8
{[%clk 0:15:00]} 32. Qe1 {[%clk 0:23:03]} Bh6 {[%clk 0:08:16]} 33. h3
{[%clk 0:20:29]} Bxg5 {[%clk 0:01:38]} 34. Bxg5 {[%clk 0:20:51]} Qd6
{[%clk 0:01:16]} 35. Be3 {[%clk 0:20:30]} Ne6 {[%clk 0:00:40]} 36. Qc3
{[%clk 0:19:22]} Ng7 {[%clk 0:00:34]} 37. Bd4 {[%clk 0:18:57]} Nf5
{[%clk 0:00:33]} 38. Qc8+ {[%clk 0:18:46]} Kf7 {[%clk 0:00:39]} 1/2-1/2

[Event "EUYCC 2025 - U14"]
[Site "?"]
[Date "2025.08.27"]
[Round "9.2"]
[White "Pogorelskiy, Boris"]
[Black "Komarek, Tobias"]
[Result "0-1"]
[BlackElo "1897"]
[WhiteElo "1978"]
[LiveChessVersion "1.4.8"]

1. e4 {[%clk 1:30:57]} d5 {[%clk 1:30:46]} 2. exd5 {[%clk 1:31:25]} Qxd5
{[%clk 1:31:12]} 3. Nc3 {[%clk 1:31:52]} Qd6 {[%clk 1:31:37]} 4. d4
{[%clk 1:32:18]} Nf6 {[%clk 1:32:02]} 5. Nf3 {[%clk 1:32:26]} a6 {[%clk 1:32:19]}
6. Ne5 {[%clk 1:31:04]} Nc6 {[%clk 1:32:31]} 7. Nxc6 {[%clk 1:29:36]} Qxc6
{[%clk 1:32:56]} 8. Bf4 {[%clk 1:25:25]} Bf5 {[%clk 1:32:35]} 9. f3
{[%clk 1:18:55]} e6 {[%clk 1:29:05]} 10. a3 {[%clk 1:17:35]} O-O-O
{[%clk 1:19:29]} 11. Qd2 {[%clk 1:15:39]} Nd5 {[%clk 1:12:42]} 12. Nxd5
{[%clk 1:13:59]} Qxd5 {[%clk 1:12:43]} 13. O-O-O {[%clk 1:11:44]} Bd6
{[%clk 1:08:18]} 14. c4 {[%clk 1:07:34]} Qc6 {[%clk 1:08:02]} 15. Bxd6
{[%clk 1:06:47]} Rxd6 {[%clk 1:08:19]} 16. Qc3 {[%clk 1:06:53]} Rhd8
{[%clk 1:07:51]} 17. c5 {[%clk 1:06:34]} R6d7 {[%clk 1:00:03]} 18. Bc4
{[%clk 0:57:56]} e5 {[%clk 0:53:30]} 19. dxe5 {[%clk 0:57:11]} Qh6+
{[%clk 0:53:35]} 0-1